000 00339nam a22001457a 4500
008 230901b ||||| |||| 00| 0 eng d
020 _a9780520205987
041 _aeng
080 _a616.053
082 _a616.053BER
100 _a14
101 _aPEDIA
245 _aDRUG WAR POLITICS THE PRICE OF DENIAL
_cBERTRAM.E
942 _2udc
_cBK
999 _c60233
_d60233